| 000 | 01749nam1a2200325 4500 | ||
|---|---|---|---|
| 001 | RU\NLR\BIBL_A\022693817 | ||
| 005 | 20260408233147.0 | ||
| 035 | _a(NLR Aleph) 022693817 | ||
| 090 |
_a13635540 _c13635540 |
||
| 100 | _a20251223d2025 k y0rusy50 ca | ||
| 101 | 0 | _arus | |
| 102 | _aRU | ||
| 105 | _a z | ||
| 181 | 0 |
_ai _baxxe |
|
| 182 | 0 | _an | |
| 200 | 1 |
_aОчерки истории книжной культуры Усть-Цилемского края _eмонография _eв двух томах _fТ. Ф. Волкова _gМинистерство науки и высшего образования Российской Федерации, "Сыктывкарский государственный университет имени Питирима Сорокина" (ФГБОУ "СГУ им. Питирима Сорокина") |
|
| 203 |
_aТекст _bвизуальный _cнепосредственный |
||
| 205 | _a2-е изд. | ||
| 210 |
_aСыктывкар _cИзд-во СГУ им. Питирима Сорокина _d2025 |
||
| 215 | _d20 | ||
| 225 | 1 |
_aСлово и текст в контексте культуры _eсерия монографий |
|
| 300 | _aНа 4-й с. обл. авт.: Волкова Т. Ф., д-р филол. наук, проф. | ||
| 606 |
_aКнижное дело _xИстория _yКоми, Республика _92696452 _3RU\NLR\AUTH\6601766140 |
||
| 686 | 1 | _aЧ611.63(2Р-6Ко) | |
| 700 | 1 |
_7ca _8rus _aВолкова _bТ. Ф. _cд-р филол. наук, литературовед _f1947- _gТатьяна Федоровна _9114348 _3RU\NLR\AUTH\774367 |
|
| 852 |
_aNLR _j2025-3/27615 |
||
| 942 | _cBOOK | ||
| 980 | _aNB | ||